000 00409nam a22001337a 4500
999 _c8136
_d8136
003 OSt
008 200805b ||||| |||| 00| 0 eng d
020 _a9788132105725
082 _a658.408
_bWER
100 _aWerther, William B.; Chandler, David, 1969-
245 _aStrategic corporate responsibility : stakeholders, globalization, and sustainable value creation
260 _aLondon
_bSage
_c2010
942 _2ddc